مكتبة جامعة عجلون الوطنية

فهرس بحث المكتبة

Normal view MARC view
  • Shakespeare,William - Histories and Criticism - Stage History -English Drama

Entry Topical Term

Number of records used in: 1

001 - CONTROL NUMBER

  • control field: 2766

003 - CONTROL NUMBER IDENTIFIER

  • control field: JO-AjAnu

005 - DATE AND TIME OF LATEST TRANSACTION

  • control field: 20230606070745.0

008 - FIXED-LENGTH DATA ELEMENTS

  • fixed length control field: 230606|| aca||aabn | a|a d

040 ## - CATALOGING SOURCE

  • Original cataloging agency: JO-AjAnu
  • Transcribing agency: JO-AjAnu

150 ## - HEADING--TOPICAL TERM

  • Topical term or geographic name entry element: Shakespeare,William - Histories and Criticism - Stage History -English Drama

670 ## - SOURCE DATA FOUND

  • Source citation: Work cat.: (JO-AjAnu)1448: Kidnie, Margaret Jane, author 2765, Shakespeare and the Problem Of Adaptation